LEADER 01175nam 2200397 450 001 9910162784303321 005 20120717130521.0 010 $a1-61668-795-9 035 $a(CKB)3710000001044691 035 $a(MiAaPQ)EBC4795375 035 $a(EXLCZ)993710000001044691 100 $a20110331h20102010 uy| 0 101 0 $aeng 135 $aurcnu|||||||| 181 $2rdacontent 182 $2rdamedia 183 $2rdacarrier 200 00$aCommercial space transportation /$fedited by Jocelyn S. Gunther 210 1$aHauppauge, New York :$cNova Science,$d[2010] 210 4$dİ2010 215 $a1 online resource (307 pages) $cillustrations 225 1 $aSpace science, exploration and policies 300 $aIncludes index. 311 $a1-61668-707-X 410 0$aSpace science, exploration and policies series. 606 $aSpace launch industry$zUnited States 615 0$aSpace launch industry 676 $a387.80973 702 $aGunther$b Jocelyn S. 801 0$bMiAaPQ 801 1$bMiAaPQ 801 2$bMiAaPQ 906 $aBOOK 912 $a9910162784303321 996 $aCommercial space transportation$92050998 997 $aUNINA LEADER 01071nam 2200385 450 001 9910826378003321 005 20230809225315.0 010 $a3-7369-8664-5 035 $a(CKB)3790000000539981 035 $a(MiAaPQ)EBC5186961 035 $a(EXLCZ)993790000000539981 100 $a20180112h20172017 uy 0 101 0 $ager 135 $aurcnu|||||||| 181 $2rdacontent 182 $2rdamedia 183 $2rdacarrier 200 10$aAstronomische Reise durch die Galaxie /$fJoachim Schmitz 210 1$aGo?ttingen, [Germany] :$cCuvillier Verlag,$d2017. 210 4$dİ2017 215 $a1 online resource (123 pages) $cillustrations (some color), photographs 311 $a3-7369-9664-0 606 $aGalaxies 606 $aAstronomy 615 0$aGalaxies. 615 0$aAstronomy. 676 $a523.112 700 $aSchmitz$b Joachim$01692635 801 0$bMiAaPQ 801 1$bMiAaPQ 801 2$bMiAaPQ 906 $aBOOK 912 $a9910826378003321 996 $aAstronomische Reise durch die Galaxie$94069869 997 $aUNINA